ការថែបំប៉នត្រីទីឡាព្យាក្រហម (Record no. 3669)

000 -LEADER
fixed length control field 00462nam a22001577a 4500
003 - CONTROL NUMBER IDENTIFIER
control field OSt
005 - DATE AND TIME OF LATEST TRANSACTION
control field 20151120100029.0
008 - FIXED-LENGTH DATA ELEMENTS--GENERAL INFORMATION
fixed length control field 151120b xxu||||| |||| 00| 0 eng d
040 ## - CATALOGING SOURCE
Transcribing agency RUA
082 ## - DEWEY DECIMAL CLASSIFICATION NUMBER
Classification number FIS ចាន់ 1995 B157 Or.1
100 ## - MAIN ENTRY--PERSONAL NAME
9 (RLIN) 3946
Personal name ចាន់ រតនា
245 ## - TITLE STATEMENT
Title ការថែបំប៉នត្រីទីឡាព្យាក្រហម
260 ## - PUBLICATION, DISTRIBUTION, ETC. (IMPRINT)
Place of publication, distribution, etc. Phnom Penh
Name of publisher, distributor, etc. RUA
Date of publication, distribution, etc. 1995
300 ## - PHYSICAL DESCRIPTION
Extent 55p.
Other physical details ill.
Dimensions 29cm.
942 ## - ADDED ENTRY ELEMENTS (KOHA)
Source of classification or shelving scheme
Koha item type FIS
Holdings
Price effective from Date last seen Permanent Location Not for loan Date acquired Source of classification or shelving scheme Koha item type Lost status Withdrawn status Date last checked out Total Checkouts Shelving location Damaged status Barcode Current Location Full call number
2015-11-202015-11-20Library Block B 2015-11-20 FIS    B157 RUA011737Library Block BFIS ចាន់ 1995 B157 Or.1
2015-11-202015-11-20Library Block B 2015-11-20 FIS    B157 RUA011585Library Block BFIS ចាន់ 1995 B157 Or.2
2015-11-202017-02-10Library Block B 2015-11-20 FIS  2017-02-082B157 RUA011666Library Block BFIS ចាន់ 1995 B157 Or.3
2015-11-202015-11-20Library Block B 2015-11-20 FIS    B157 RUA011599Library Block BFIS ចាន់ 1995 B157 Or.4
2015-11-202015-11-20Library Block B 2015-11-20 FIS    B157 RUA011527Library Block BFIS ចាន់ 1995 B157 Or.5
2015-11-202015-11-20Library Block B 2015-11-20 FIS    B157 RUA011809Library Block BFIS ចាន់ 1995 B157 Or.6
2015-11-202015-11-20Library Block B 2015-11-20 FIS    B157 RUA011789Library Block BFIS ចាន់ 1995 B157 Or.7
2015-11-202015-11-20Library Block B 2015-11-20 FIS    B157 RUA011999Library Block BFIS ចាន់ 1995 B157 Or.8
2015-11-202015-11-20Library Block B 2015-11-20 FIS    B157 RUA011865Library Block BFIS ចាន់ 1995 B157 Or.9
2016-02-042016-02-04Library Block B 2016-02-04 FIS      RUA011528Library Block BFIS ចាន់ 1995 B157 Or.10
មជ្ឈមណ្ឌលឯការនៃសាកលវិទ្យាល័យភូមិន្ទកសិកម្មចំការដូង

Powered by Koha